Él : (Record no. 108678)
[ view plain ]
| 000 -CABECERA | |
|---|---|
| campo de control de longitud fija | 00760cam a22002534a 4500 |
| 003 - IDENTIFICADOR DEL NÚMERO DE CONTROL | |
| campo de control | UPN |
| 005 - FECHA Y HORA DE LA ÚLTIMA TRANSACCIÓN | |
| campo de control | 20220701133559.0 |
| 008 - ELEMENTOS DE LONGITUD FIJA--INFORMACIÓN GENERAL | |
| campo de control de longitud fija | 041124s2001 es a r 000 0dspa d |
| 020 ## - NÚMERO INTERNACIONAL NORMALIZADO PARA LIBROS | |
| Número Internacional Estándar del Libro | 8449310067 |
| 035 ## - NÚMERO DE CONTROL DEL SISTEMA | |
| Número de control de sistema | UPN01000136527 |
| 040 ## - FUENTE DE LA CATALOGACIÓN | |
| Centro catalogador/agencia de origen | UPN |
| Lengua de catalogación | spa |
| Centro/agencia transcriptor | UPN |
| 049 ## - COLECCIÓN | |
| Colección | CG |
| 050 #4 - SIGNATURA TOPOGRÁFICA DE LA BIBLIOTECA DEL CONGRESO | |
| Número de clasificación | PN1997 E4.3 |
| Número de documento/Ítem | P3.4 |
| 100 1# - ASIENTO PRINCIPAL--NOMBRE PERSONAL | |
| Nombre de persona | Paranaguá, Paulo Antonio |
| 245 10 - MENCIÓN DE TÍTULO | |
| Título | Él : |
| Resto del título | Luis Buñuel / |
| Mención de responsabilidad, etc. | estudio crítico de Paulo Antonio Paranaguá. |
| 260 ## - PUBLICACIÓN, DISTRIBUCIÓN, ETC. | |
| Lugar de publicación, distribución, etc. | Madrid : |
| Nombre del editor, distribuidor, etc. | Paidós Ibérica, |
| Fecha de publicación, distribución, etc. | c2001. |
| 300 ## - DESCRIPCIÓN FÍSICA | |
| Extensión | 139 p. : |
| Otras características físicas | il. |
| 490 0# - MENCIÓN DE SERIE | |
| Mención de serie | Paidós peliculas ; |
| Designación de volumen o secuencia | 13 |
| 600 14 - ASIENTO SECUNDARIO DE MATERIA - NOMBRE PERSONAL | |
| Nombre de persona | Buñuel, Luis, |
| Fechas asociadas al nombre | 1900-1983 |
| 9 (RLIN) | 36179 |
| 650 #4 - ASIENTO SECUNDARIO DE MATERIA - TERMINO TEMATICO | |
| Término de materia o nombre geográfico como elemento de entrada | EL (PELICULA CINEMATOGRAFICA) |
| 9 (RLIN) | 20284 |
| 650 #0 - ASIENTO SECUNDARIO DE MATERIA - TERMINO TEMATICO | |
| Término de materia o nombre geográfico como elemento de entrada | Productores y directores cinematográficos |
| 9 (RLIN) | 463 |
| 905 ## - TIPO DE MATERIAL | |
| Tipo de material | Libro |
| 942 ## - ELEMENTOS DE PUNTO DE ACCESO ADICIONAL (KOHA) | |
| Fuente del sistema de clasificación o colocación | Library of Congress Classification |
| Tipo de ítem Koha | Libro |
| Estado de retiro | Estado de pérdida | Fuente del sistema de clasificación o colocación | Estado dañado | No para préstamo | Código de colección | Localización permanente | Ubicación/localización actual | Ubicación en estantería | Fecha de adquisición | Clasificación | Código de barras | Fecha visto por última vez | Tipo de ítem Koha |
|---|---|---|---|---|---|---|---|---|---|---|---|---|---|
| Library of Congress Classification | Colección General | Bib. Gregorio Torres Quintero | Bib. Gregorio Torres Quintero | Planta baja | 09/03/2022 | PN1997 E4.3 P3.4 | 210066 | 31/12/2020 | Libro |
